[Event "CRO-chT (Women) 31st"]
[Site "Veli Losinj"]
[Date "2023.10.17"]
[Round "8.4"]
[White "Krmpotic, Klara"]
[Black "Trgovac, Marta"]
[Result "0-1"]
[WhiteElo "1565"]
[BlackElo "1813"]
[PlyCount "82"]
[EventDate "2023.10.11"]
[EventType "team-tourn"]
[EventRounds "9"]
[EventCountry "CRO"]
[SourceTitle "Mega2024 Update 01"]
[Source "Chessbase"]
[SourceDate "2023.11.12"]
[SourceVersion "1"]
[SourceVersionDate "2023.11.12"]
[SourceQuality "1"]
[WhiteTeam "Sisak (W)"]
[BlackTeam "Busevec Polet (W)"]
[WhiteTeamCountry "CRO"]
[BlackTeamCountry "CRO"]

1. d4 Nf6 2. c4 g6 3. Nc3 Bg7 4. e4 d6 5. Be3 0-0 6. h3 e5 7. d5 a5 8. Qd2 Na6 9. Bh6 Nc5 10. f3 Bxh6 11. Qxh6 Nh5 12. 0-0-0 Qf6 13. Nge2 Nf4 14. Nxf4 Qxf4+ 15. Qxf4 exf4 16. h4 f5 17. Bd3 fxe4 18. Bxe4 Bd7 19. Rhe1 Rae8 20. Bc2 Na6 21. a3 Nc5 22. Kd2 Kg7 23. Rxe8 Rxe8 24. Re1 Rxe1 25. Kxe1 Kf6 26. Ne2 Ke5 27. h5 gxh5 28. Bxh7 h4 29. Bc2 a4 30. Kd2 b5 31. Kc3 bxc4 32. Kxc4 Bc8 33. b4 axb3 34. Bxb3 Ba6+ 35. Kc3 Bxe2 36. Bc4 Na4+ 37. Kb4 Bxc4 38. Kxc4 Nb6+ 39. Kb5 Kxd5 40. a4 Nxa4 41. Kxa4 Kc4 0-1

[Event "CRO-chT (Women) 31st"]
[Site "Veli Losinj"]
[Date "2023.10.13"]
[Round "4.4"]
[White "Ascic, Judita"]
[Black "Trgovac, Marta"]
[Result "0-1"]
[WhiteElo "1366"]
[BlackElo "1813"]
[PlyCount "54"]
[EventDate "2023.10.11"]
[EventType "team-tourn"]
[EventRounds "9"]
[EventCountry "CRO"]
[SourceTitle "Mega2024 Update 01"]
[Source "Chessbase"]
[SourceDate "2023.11.12"]
[SourceVersion "1"]
[SourceVersionDate "2023.11.12"]
[SourceQuality "1"]
[WhiteTeam "Djakovo Limmont (W)"]
[BlackTeam "Busevec Polet (W)"]
[WhiteTeamCountry "CRO"]
[BlackTeamCountry "CRO"]

1. d4 Nf6 2. Nf3 g6 3. e3 Bg7 4. Bd3 0-0 5. 0-0 d5 6. b3 c5 7. Bb2 b6 8. c4 cxd4 9. Nxd4 Bb7 10. Nc3 dxc4 11. Bxc4 Nbd7 12. Qe2 Ne5 13. Ba6 Qc8 14. Bxb7 Qxb7 15. Rac1 Rac8 16. Rfd1 Rfd8 17. f3 Ned7 18. Qe1 Nc5 19. Rc2 Rc7 20. Ncb5 Rcd7 21. b4 Na4 22. Ba1 e5 23. Rcd2 exd4 24. Nxd4 Nd5 25. Rd3 b5 26. Qe2 Bxd4 27. Bxd4 Ndc3 0-1

[Event "CRO-chT (Women) 31st"]
[Site "Veli Losinj"]
[Date "2023.10.11"]
[Round "1.4"]
[White "Dasic, Jelena"]
[Black "Trgovac, Marta"]
[Result "1-0"]
[WhiteElo "1765"]
[BlackElo "1813"]
[PlyCount "89"]
[EventDate "2023.10.11"]
[EventType "team-tourn"]
[EventRounds "9"]
[EventCountry "CRO"]
[SourceTitle "Mega2024 Update 01"]
[Source "Chessbase"]
[SourceDate "2023.11.12"]
[SourceVersion "1"]
[SourceVersionDate "2023.11.12"]
[SourceQuality "1"]
[WhiteTeam "Kastav (W)"]
[BlackTeam "Busevec Polet (W)"]
[WhiteTeamCountry "CRO"]
[BlackTeamCountry "CRO"]

1. d4 Nf6 2. Nc3 d5 3. Bf4 c5 4. e3 e6 5. Nb5 Na6 6. Nf3 Be7 7. Be2 0-0 8. g4 Ne4 9. h4 Bd7 10. a4 cxd4 11. exd4 Bxb5 12. axb5 Nb8 13. Qd3 Nd7 14. Ng5 h6 15. Nxe4 dxe4 16. Qxe4 Bxh4 17. 0-0-0 Bg5 18. Bxg5 Qxg5+ 19. f4 Qd5 20. Qxd5 exd5 21. Bf3 Nb6 22. Rh4 Rad8 23. g5 hxg5 24. fxg5 g6 25. Rh6 Kg7 26. Rdh1 Rh8 27. Rxh8 Rxh8 28. Rxh8 Kxh8 29. b3 Kg7 30. Kd2 f6 31. Kd3 a6 32. bxa6 bxa6 33. c4 dxc4+ 34. bxc4 fxg5 35. c5 Nc8 36. Bb7 Na7 37. Bxa6 Kf6 38. Ke4 Nc6 39. Be2 Ne7 40. Bg4 Nf5 41. c6 Nd6+ 42. Kd5 Ne8 43. Kc5 Ke7 44. d5 Kd8 45. d6 1-0

[Event "EU-ch U18 Girls rapid"]
[Site "Terme Catez"]
[Date "2023.09.29"]
[Round "6"]
[White "Pajek, Tjasa"]
[Black "Trgovac, Marta"]
[Result "1-0"]
[WhiteElo "1517"]
[BlackElo "1456"]
[PlyCount "127"]
[EventDate "2023.09.28"]
[EventType "swiss (rapid)"]
[EventRounds "9"]
[EventCountry "SLO"]
[SourceTitle "EXT 2024"]
[Source "ChessBase"]
[SourceDate "2023.10.10"]
[SourceVersion "1"]
[SourceVersionDate "2023.10.10"]
[SourceQuality "1"]

1. e4 c5 2. Nf3 d6 3. d4 cxd4 4. Nxd4 Nf6 5. Nc3 a6 6. Be2 e6 7. 0-0 Be7 8. Be3 0-0 9. f4 Qc7 10. Bf3 Nbd7 11. Qe2 Rb8 12. Rad1 b5 13. Qf2 Bb7 14. a3 Nc5 15. e5 dxe5 16. fxe5 Qxe5 17. Bxb7 Rxb7 18. Nc6 Nce4 19. Nxe5 Nxf2 20. Rxf2 b4 21. axb4 Bxb4 22. Bd4 Bd6 23. b3 Rc8 24. h3 h6 25. Nc4 Be7 26. Bxf6 gxf6 27. Rf3 Rcc7 28. Ne4 f5 29. Nf2 Rb8 30. Nd3 a5 31. Nde5 f6 32. Rd7 Rxd7 33. Nxd7 Rb7 34. Rd3 Kf7 35. Nxa5 Rc7 36. Nc4 e5 37. Ndb6 e4 38. Rd7 Rc6 39. Nd5 Ke6 40. Rxe7+ Kxd5 41. Rd7+ Ke6 42. Rb7 Kd5 43. Rd7+ Ke6 44. Rh7 f4 45. Kf2 Kd5 46. Rxh6 Kd4 47. Rh4 e3+ 48. Nxe3 Ke5 49. Nc4+ Kf5 50. Rh5+ Ke4 51. Ra5 Rc7 52. h4 Rd7 53. Ke2 Rg7 54. Kf2 Rd7 55. Ra1 Rh7 56. Re1+ Kd4 57. g3 fxg3+ 58. Kxg3 Kc3 59. Re2 Rh5 60. Kg4 Rh7 61. Nd6 Rd7 62. Ne4+ Kb4 63. Nxf6 Rd4+ 64. Re4 1-0

[Event "EU-ch U18 Girls rapid"]
[Site "Terme Catez"]
[Date "2023.09.28"]
[Round "3"]
[White "Alexandrova, Angelina"]
[Black "Trgovac, Marta"]
[Result "1-0"]
[WhiteElo "1812"]
[BlackElo "1456"]
[PlyCount "121"]
[EventDate "2023.09.28"]
[EventType "swiss (rapid)"]
[EventRounds "9"]
[EventCountry "SLO"]
[SourceTitle "EXT 2024"]
[Source "ChessBase"]
[SourceDate "2023.10.10"]
[SourceVersion "1"]
[SourceVersionDate "2023.10.10"]
[SourceQuality "1"]

1. d4 Nf6 2. Nf3 g6 3. g3 Bg7 4. c4 d6 5. Bg2 0-0 6. 0-0 Nbd7 7. Nc3 e5 8. e3 c6 9. b3 e4 10. Nd2 d5 11. Ba3 Re8 12. cxd5 cxd5 13. Rc1 b6 14. Nb5 Ba6 15. Nc7 Bxf1 16. Bxf1 Rc8 17. Nxe8 Qxe8 18. Ba6 Rxc1 19. Qxc1 Qd8 20. Kg2 Nf8 21. Qc8 Qxc8 22. Bxc8 Ne6 23. Be7 Ne8 24. f3 exf3+ 25. Nxf3 Bf8 26. Bxf8 Kxf8 27. Bxe6 fxe6 28. Ng5 Ke7 29. Nxh7 Nd6 30. Ng5 Kf6 31. h4 Nb5 32. g4 Nc3 33. a4 a5 34. Kf3 Na2 35. e4 Nc1 36. e5+ Ke7 37. h5 gxh5 38. gxh5 Nxb3 39. Ke3 Na1 40. h6 Kf8 41. Nxe6+ Kg8 42. Nc7 Nc2+ 43. Kd3 Nb4+ 44. Kc3 Kh7 45. e6 Nc6 46. Nxd5 Kxh6 47. e7 Nxe7 48. Nxe7 Kg7 49. Nd5 Kf7 50. Nxb6 Ke6 51. Nc4 Kd5 52. Nxa5 Kd6 53. Kc4 Kc7 54. Kc5 Kb8 55. Nc4 Ka7 56. d5 Ka6 57. d6 Ka7 58. d7 Ka6 59. d8Q Ka7 60. Qc7+ Ka8 61. Nb6# 1-0

[Event "CRO-chT (Women) 30th"]
[Site "Porec"]
[Date "2022.09.30"]
[Round "8.3"]
[White "Trgovac, Marta"]
[Black "Ivekovic, Tihana"]
[Result "0-1"]
[WhiteElo "1550"]
[BlackElo "2132"]
[PlyCount "86"]
[EventDate "2022.09.24"]
[EventType "team-tourn"]
[EventRounds "9"]
[EventCountry "CRO"]
[SourceTitle "CBM 210 Extra"]
[Source "ChessBase"]
[SourceDate "2022.11.30"]
[SourceVersion "1"]
[SourceVersionDate "2022.11.30"]
[SourceQuality "1"]
[WhiteTeam "Busevec Polet (W)"]
[BlackTeam "Rijeka Liburnija (W)"]
[WhiteTeamCountry "CRO"]
[BlackTeamCountry "CRO"]

1. Nf3 Nf6 2. g3 g6 3. Bg2 Bg7 4. 0-0 0-0 5. c4 c5 6. d3 d5 7. Qc2 d4 8. e3 Nc6 9. exd4 cxd4 10. a3 a5 11. Nbd2 e5 12. Ng5 h6 13. Nge4 Ne8 14. Rb1 Qe7 15. f3 f5 16. Nf2 Nc7 17. Re1 Ne6 18. Nf1 Qd6 19. Bd2 a4 20. Qc1 Kh7 21. b4 axb3 22. Rxb3 Nc5 23. Rb1 Ne6 24. Bb4 Nxb4 25. axb4 Bd7 26. c5 Qc7 27. Qc4 Rfe8 28. Ra1 Ng5 29. Rxa8 Rxa8 30. f4 exf4 31. gxf4 Qxf4 32. Bxb7 Nf3+ 33. Bxf3 Qxf3 34. b5 Bxb5 35. Qxb5 Ra2 36. Nd2 Rxd2 37. Rf1 h5 38. Qa5 Rc2 39. Qd8 Rxc5 40. Qg5 Rc2 41. Qe7 Qe3 42. Qb7 Rd2 43. Kg2 Qxd3 0-1

[Event "CRO-chT (Women) 30th"]
[Site "Porec"]
[Date "2022.09.29"]
[Round "7.1"]
[White "Mican, Karmela"]
[Black "Trgovac, Marta"]
[Result "0-1"]
[WhiteElo "1924"]
[BlackElo "1550"]
[PlyCount "104"]
[EventDate "2022.09.24"]
[EventType "team-tourn"]
[EventRounds "9"]
[EventCountry "CRO"]
[SourceTitle "CBM 210 Extra"]
[Source "ChessBase"]
[SourceDate "2022.11.30"]
[SourceVersion "1"]
[SourceVersionDate "2022.11.30"]
[SourceQuality "1"]
[WhiteTeam "Strizivojna Amater (W)"]
[BlackTeam "Busevec Polet (W)"]
[WhiteTeamCountry "CRO"]
[BlackTeamCountry "CRO"]

1. e4 c5 2. Nf3 d6 3. d4 cxd4 4. Qxd4 a6 5. c4 Nc6 6. Qd2 Nf6 7. Nc3 e6 8. Bd3 Be7 9. b3 0-0 10. 0-0 b6 11. Bb2 Bb7 12. Rad1 Qc7 13. Rfe1 Rfd8 14. Bb1 Rac8 15. h3 Na7 16. Qe3 Ba8 17. Rc1 Qb7 18. Nd4 b5 19. cxb5 Nxb5 20. Ncxb5 axb5 21. Rxc8 Rxc8 22. Qe2 b4 23. Kh1 d5 24. e5 Ne4 25. Bxe4 dxe4 26. Rc1 Rxc1+ 27. Bxc1 Qd5 28. Bb2 Qxe5 29. Nc6 Qg5 30. Qxe4 Bxc6 31. Qxc6 Qd2 32. Qb7 Qe1+ 33. Kh2 Bd6+ 34. g3 Qxf2+ 35. Qg2 Bxg3+ 36. Kh1 Qe1+ 37. Qg1 Bf2 38. Qxe1 Bxe1 39. a4 bxa3 40. Bxa3 Ba5 41. Kg2 f6 42. Kf3 Kf7 43. Bc5 e5 44. b4 Bc7 45. Kg4 Ke6 46. Be3 f5+ 47. Kg5 Bd8+ 48. Kh5 f4 49. Ba7 Kf5 50. h4 Be7 51. b5 Bf8 52. Bc5 g6# 0-1

[Event "CRO-chT (Women) 30th"]
[Site "Porec"]
[Date "2022.09.28"]
[Round "6.4"]
[White "Trgovac, Marta"]
[Black "Ljikar, Tamara"]
[Result "1-0"]
[WhiteElo "1550"]
[BlackElo "1956"]
[PlyCount "81"]
[EventDate "2022.09.24"]
[EventType "team-tourn"]
[EventRounds "9"]
[EventCountry "CRO"]
[SourceTitle "CBM 210 Extra"]
[Source "ChessBase"]
[SourceDate "2022.11.30"]
[SourceVersion "1"]
[SourceVersionDate "2022.11.30"]
[SourceQuality "1"]
[WhiteTeam "Busevec Polet (W)"]
[BlackTeam "Zagreb Mladost (W)"]
[WhiteTeamCountry "CRO"]
[BlackTeamCountry "CRO"]

1. Nf3 c5 2. g3 Nc6 3. Bg2 e6 4. c4 Nf6 5. 0-0 g6 6. d3 Bg7 7. Nc3 d6 8. a3 0-0 9. Qc2 b6 10. Rb1 Bb7 11. b4 cxb4 12. axb4 Rc8 13. Ba3 Ne7 14. Qd2 Re8 15. Rfc1 Nf5 16. e3 Bh6 17. Ne2 Ng4 18. Nf4 e5 19. Nd5 Bxd5 20. cxd5 Rxc1+ 21. Qxc1 Ngxe3 22. Qc6 Nxg2 23. Kxg2 Ne7 24. Qc4 Qa8 25. b5 Rc8 26. Qb3 Rd8 27. Nxe5 dxe5 28. Bxe7 Rxd5 29. Kg1 Qb7 30. Bf6 Qd7 31. Qc4 Rxd3 32. Bxe5 Rd2 33. Rc1 Bf8 34. Qc6 Qf5 35. Bf4 Rb2 36. Qa8 Qxb5 37. Bh6 Qb4 38. Bxf8 Qxf8 39. Rc8 Qxc8 40. Qxc8+ Kg7 41. Qc3+ 1-0

[Event "CRO-chT (Women) 30th"]
[Site "Porec"]
[Date "2022.09.24"]
[Round "1.2"]
[White "Trgovac, Marta"]
[Black "Dasic, Jelena"]
[Result "0-1"]
[WhiteElo "1550"]
[BlackElo "1752"]
[PlyCount "72"]
[EventDate "2022.09.24"]
[EventType "team-tourn"]
[EventRounds "9"]
[EventCountry "CRO"]
[SourceTitle "CBM 210 Extra"]
[Source "ChessBase"]
[SourceDate "2022.11.30"]
[SourceVersion "1"]
[SourceVersionDate "2022.11.30"]
[SourceQuality "1"]
[WhiteTeam "Busevec Polet (W)"]
[BlackTeam "Kastav (W)"]
[WhiteTeamCountry "CRO"]
[BlackTeamCountry "CRO"]

1. Nf3 d5 2. g3 Nc6 3. Bg2 e5 4. d3 Nf6 5. 0-0 Be7 6. c4 d4 7. a3 a5 8. Nbd2 Nd7 9. Ne4 h6 10. g4 Nc5 11. Nxc5 Bxc5 12. h3 f5 13. gxf5 Bxf5 14. Qb3 Ra6 15. Qb5 Qd6 16. Nh4 Bd7 17. Qxb7 Rb6 18. Qa8+ Rb8 19. Qa6 0-0 20. Bd5+ Kh8 21. Bxc6 Bxc6 22. Qxa5 Ra8 23. Qe1 Qe6 24. f3 g5 25. Ng2 Qxh3 26. b4 Be7 27. e4 dxe3 28. Bxe3 g4 29. Bf4 Bxf3 30. Bxe5+ Kg8 31. Rf2 Bh4 32. Bg3 Bxg3 33. Qe6+ Kh8 34. Rxf3 Qh2+ 35. Kf1 Rxf3+ 36. Ke2 Qxg2+ 0-1

[Event "CRO-chT U16 Girls"]
[Site "Djurdjevac"]
[Date "2021.12.20"]
[Round "5.1"]
[White "Trgovac, Marta"]
[Black "Skiljan, Tara"]
[Result "1-0"]
[WhiteElo "1584"]
[BlackElo "1023"]
[PlyCount "73"]
[EventDate "2021.12.18"]
[EventType "team-tourn"]
[EventRounds "5"]
[EventCountry "CRO"]
[SourceTitle "EXT 2023"]
[Source "ChessBase"]
[SourceDate "2022.10.05"]
[SourceVersion "1"]
[SourceVersionDate "2022.10.05"]
[SourceQuality "1"]
[WhiteTeam "Djurdjevac Picok (W)"]
[BlackTeam "Crikvenica (W)"]
[WhiteTeamCountry "CRO"]
[BlackTeamCountry "CRO"]

1. d4 d5 2. c4 c6 3. Nc3 Nf6 4. Nf3 Bf5 5. Bf4 h6 6. h3 Nbd7 7. e3 e6 8. Be2 Be7 9. 0-0 0-0 10. c5 b6 11. b4 a5 12. a3 Be4 13. Nxe4 Nxe4 14. Qd3 axb4 15. axb4 Rxa1 16. Rxa1 bxc5 17. bxc5 Ndf6 18. Ne5 Nh5 19. Bxh5 Bh4 20. g3 Bg5 21. Nxc6 Qd7 22. Ne5 Qe7 23. Bxg5 Qxg5 24. Bf3 Nxc5 25. dxc5 Qxe5 26. Qd4 Qf5 27. Kg2 Rd8 28. e4 Qg5 29. exd5 exd5 30. Rd1 Rc8 31. Bxd5 Rd8 32. Qc4 Rd7 33. c6 Rc7 34. Bxf7+ Kh7 35. Rd7 Rxd7 36. cxd7 Qe7 37. Qd3+ 1-0

[Event "CRO-ch U17"]
[Site "Split"]
[Date "2021.07.31"]
[Round "9"]
[White "Trgovac, Marta"]
[Black "Bedic, Noemi"]
[Result "1-0"]
[WhiteElo "1472"]
[BlackElo "1535"]
[PlyCount "85"]
[EventDate "2021.07.25"]
[EventType "swiss"]
[EventRounds "9"]
[EventCountry "CRO"]
[SourceTitle "EXT 2022"]
[Source "ChessBase"]
[SourceDate "2021.10.06"]
[SourceVersion "1"]
[SourceVersionDate "2021.10.06"]
[SourceQuality "1"]

1. d4 Nf6 2. Bf4 g6 3. Nf3 Bg7 4. e3 d6 5. h3 0-0 6. Be2 Nfd7 7. 0-0 e5 8. Bh2 Nc6 9. c3 b6 10. Nbd2 Bb7 11. Nc4 Re8 12. a4 a5 13. Qc2 Qe7 14. Rac1 Rad8 15. Rfe1 h6 16. Na3 Nf6 17. Nb5 Nd5 18. Bc4 Nf6 19. dxe5 Nxe5 20. Nxe5 dxe5 21. Qxg6 Be4 22. Qg3 Nh5 23. Qg4 Nf6 24. Qe2 Kh8 25. Red1 c6 26. Na3 Nh7 27. Bd3 Bd5 28. Nc4 e4 29. Bc2 Qc5 30. Nd2 Ng5 31. Bb3 Nf3+ 32. gxf3 exf3 33. Qf1 Rg8 34. Bg3 Be5 35. Kh2 Bxg3+ 36. fxg3 Qxe3 37. Bxd5 Rxg3 38. Bxf3 Qf4 39. Kh1 Rxd2 40. Rxd2 Rxf3 41. Qg2 Rg3 42. Rd8+ Kh7 43. Rf1 1-0

[Event "CRO-ch U17"]
[Site "Split"]
[Date "2021.07.29"]
[Round "7"]
[White "Trgovac, Marta"]
[Black "Bevanda, Ema"]
[Result "1-0"]
[WhiteElo "1472"]
[BlackElo "1646"]
[PlyCount "111"]
[EventDate "2021.07.25"]
[EventType "swiss"]
[EventRounds "9"]
[EventCountry "CRO"]
[SourceTitle "EXT 2022"]
[Source "ChessBase"]
[SourceDate "2021.10.06"]
[SourceVersion "1"]
[SourceVersionDate "2021.10.06"]
[SourceQuality "1"]

1. d4 e6 2. c4 f5 3. Nf3 Nf6 4. Nc3 d6 5. Bf4 Be7 6. e3 0-0 7. h3 a6 8. Be2 Qe8 9. Qc2 Nc6 10. a3 Bd8 11. b4 e5 12. dxe5 dxe5 13. Bh2 e4 14. Nd2 Ne5 15. c5 Kh8 16. Nc4 Nxc4 17. Bxc4 Be6 18. Ne2 Bxc4 19. Qxc4 c6 20. Rd1 Nd7 21. Qd4 Rf7 22. 0-0 Bf6 23. Qc4 Ne5 24. Bxe5 Bxe5 25. Nd4 Rd8 26. Qe6 Rf8 27. Qxe8 Rdxe8 28. Rd2 f4 29. exf4 Bxf4 30. Re2 e3 31. Nc2 Re7 32. Nxe3 Rfe8 33. Rfe1 Rd7 34. Nd5 Rxe2 35. Rxe2 g5 36. Nxf4 gxf4 37. Re4 Rf7 38. Kf1 Kg7 39. Ke2 Kg6 40. Kf3 Rd7 41. Kxf4 Kf7 42. Ke3 Kf6 43. g4 Kg6 44. h4 Rf7 45. Re6+ Kg7 46. f4 Rd7 47. Ke4 Kf7 48. Rd6 Re7+ 49. Kf5 Rc7 50. g5 Re7 51. h5 Kg7 52. h6+ Kf7 53. Rf6+ Kg8 54. g6 hxg6+ 55. Kxg6 Rh7 56. Rf8+ 1-0

[Event "CRO-ch U17"]
[Site "Split"]
[Date "2021.07.26"]
[Round "3"]
[White "Mihaljevic, Eva"]
[Black "Trgovac, Marta"]
[Result "1-0"]
[WhiteElo "1593"]
[BlackElo "1472"]
[PlyCount "99"]
[EventDate "2021.07.25"]
[EventType "swiss"]
[EventRounds "9"]
[EventCountry "CRO"]
[SourceTitle "EXT 2022"]
[Source "ChessBase"]
[SourceDate "2021.10.06"]
[SourceVersion "1"]
[SourceVersionDate "2021.10.06"]
[SourceQuality "1"]

1. d4 Nf6 2. Bf4 g6 3. Nc3 d5 4. e3 Bg7 5. h4 c5 6. Nb5 Na6 7. a4 Bd7 8. c3 0-0 9. Be2 cxd4 10. exd4 Bxb5 11. axb5 Nc7 12. h5 Qd7 13. Qc1 Nxb5 14. Bh6 Bxh6 15. Qxh6 Nd6 16. hxg6 fxg6 17. Nf3 Nf7 18. Qh4 Qg4 19. Qh2 Qe6 20. Ne5 Ng5 21. f4 Nge4 22. g4 Qb6 23. Bf3 Ng3 24. Bxd5+ e6 25. Nd7 Qc7 26. Bxe6+ Kh8 27. Nxf8 Nxh1 28. Nxg6+ Kg7 29. Ne5 Qb6 30. f5 Ng3 31. Qxg3 Qxb2 32. Rd1 Ne4 33. Nc4 Qxc3+ 34. Qxc3 Nxc3 35. Rc1 Nb5 36. d5 Rd8 37. Na5 b6 38. Nc6 Re8 39. Nxa7 Nd4 40. Nc6 Nf3+ 41. Kf2 Ng5 42. Ke3 Kf6 43. Nd4 Ra8 44. d6 Ra3+ 45. Ke2 Ra4 46. Rd1 Nxe6 47. fxe6 h5 48. gxh5 Ke5 49. d7 b5 50. d8Q 1-0

[Event "Wch FIDE Online U14 Girls Europe qual"]
[Site "Tornelo INT"]
[Date "2020.12.09"]
[Round "6"]
[White "Trgovac, Marta"]
[Black "Lapushnian, Maya"]
[Result "1-0"]
[WhiteElo "1424"]
[BlackElo "1362"]
[PlyCount "57"]
[EventDate "2020.12.07"]
[EventType "swiss (rapid)"]
[EventRounds "7"]
[EventCountry "ISS"]
[SourceTitle "EXT 2022"]
[Source "ChessBase"]
[SourceDate "2021.10.06"]
[SourceVersion "1"]
[SourceVersionDate "2021.10.06"]
[SourceQuality "1"]

1. Nf3 d5 2. g3 Nf6 3. Bg2 c6 4. 0-0 Bf5 5. c4 e6 6. b3 Be7 7. Bb2 0-0 8. d3 Nbd7 9. Nc3 dxc4 10. bxc4 Nc5 11. Na4 Nfd7 12. Rb1 Nxa4 13. Qxa4 Nc5 14. Qc2 Nxd3 15. exd3 Bxd3 16. Qb3 Bxb1 17. Rxb1 Qb6 18. Qc2 Qa6 19. Be5 Rfd8 20. Qb2 f6 21. Bd4 Rd7 22. Bf1 Qa3 23. Qe2 Kf7 24. Bh3 Qd6 25. Re1 Kf8 26. c5 Qc7 27. Bxe6 Rdd8 28. Bb3 Re8 29. Qc4 1-0

[Event "Wch FIDE Online U14 Girls Europe qual"]
[Site "Tornelo INT"]
[Date "2020.12.08"]
[Round "3"]
[White "Ivanova, Dilyana"]
[Black "Trgovac, Marta"]
[Result "1-0"]
[WhiteElo "1492"]
[BlackElo "1424"]
[PlyCount "95"]
[EventDate "2020.12.07"]
[EventType "swiss (rapid)"]
[EventRounds "7"]
[EventCountry "ISS"]
[SourceTitle "EXT 2022"]
[Source "ChessBase"]
[SourceDate "2021.10.06"]
[SourceVersion "1"]
[SourceVersionDate "2021.10.06"]
[SourceQuality "1"]

1. e4 c5 2. Nf3 d6 3. d4 cxd4 4. Nxd4 Nf6 5. Nc3 a6 6. Be3 e6 7. f3 Be7 8. Qd2 b5 9. 0-0-0 Bb7 10. g4 Qc7 11. h4 Nbd7 12. g5 Nh5 13. Rg1 Ne5 14. f4 Nc4 15. Bxc4 Qxc4 16. Kb1 Rc8 17. a3 Bc6 18. f5 e5 19. Nxc6 Qxc6 20. Nd5 f6 21. gxf6 Bxf6 22. Nxf6+ Nxf6 23. Rxg7 Nxe4 24. Qe2 Rc7 25. Qh5+ Kd8 26. Rxc7 Qxc7 27. Qg4 Nf6 28. Bg5 Qf7 29. Rxd6+ Ke7 30. Rxf6 Qxf6 31. Bxf6+ Kxf6 32. h5 Kf7 33. h6 Rg8 34. Qe4 Kf6 35. Ka2 Rc8 36. Qb7 Rxc2 37. Qg7+ Kxf5 38. Qxh7+ Kf4 39. Qxc2 e4 40. h7 e3 41. h8Q Kf3 42. Qhh2 b4 43. Qce2+ Ke4 44. Qh4+ Kf5 45. Qxe3 b3+ 46. Kxb3 a5 47. Qhf4+ Kg6 48. Qeg3+ 1-0

[Event "EU-ch Online U14 Girls"]
[Site "Tornelo INT"]
[Date "2020.09.20"]
[Round "9"]
[White "Tashkinova, Sofiia"]
[Black "Trgovac, Marta"]
[Result "0-1"]
[WhiteElo "1788"]
[BlackElo "1424"]
[PlyCount "184"]
[EventDate "2020.09.18"]
[EventType "swiss (rapid)"]
[EventRounds "9"]
[EventCountry "NET"]
[SourceTitle "EXT 2023"]
[Source "ChessBase"]
[SourceDate "2022.10.05"]
[SourceVersion "1"]
[SourceVersionDate "2022.10.05"]
[SourceQuality "1"]
[WhiteTeam "Ukraine"]
[BlackTeam "Croatia"]
[WhiteTeamCountry "UKR"]
[BlackTeamCountry "CRO"]

1. e4 c5 2. Nf3 d6 3. c3 Nf6 4. Bd3 e6 5. Bc2 Be7 6. 0-0 0-0 7. d4 Nbd7 8. Qd3 e5 9. dxe5 dxe5 10. Be3 b6 11. Nbd2 Bb7 12. Rfd1 Qc7 13. Bg5 Rfd8 14. Qe2 a6 15. Nf1 b5 16. Ne3 Nb6 17. Nf5 h6 18. Bh4 Nc4 19. Bxf6 Bxf6 20. Bb3 Na5 21. h3 c4 22. Bc2 Bc6 23. Nh2 Nb7 24. Ng4 Be7 25. b4 cxb3 26. Bxb3 Nc5 27. Ngxh6+ Kf8 28. Nxe7 Qxe7 29. Nf5 Qf6 30. f3 Bb7 31. Qf2 Nd3 32. Qe3 Nf4 33. Qc5+ Kg8 34. Qf2 Qg6 35. Kh2 Qf6 36. Qg3 Rac8 37. Qe1 Nd3 38. Qe2 Nf4 39. Qb2 a5 40. a4 b4 41. cxb4 axb4 42. a5 Ba6 43. Qa2 Ne2 44. Rxd8+ Rxd8 45. Qb2 Nd4 46. Rd1 Nxf5 47. Rxd8+ Qxd8 48. exf5 Qxa5 49. Qc2 Qb6 50. Qd1 Bb5 51. Qd5 Be8 52. Qxe5 Bb5 53. Kh1 Bc6 54. Kh2 Qb7 55. Qe3 Qc7+ 56. Kh1 Qd7 57. Kh2 Qxf5 58. Qd4 Qa5 59. Qc4 Be8 60. Qg4 Qc7+ 61. f4 Qc3 62. Qd1 Qe3 63. g3 Qf2+ 64. Kh1 Bc6+ 65. Bd5 Bxd5+ 66. Qxd5 Qxg3 67. Qd8+ Kh7 68. Qe8 Qxh3+ 69. Kg1 Qg3+ 70. Kf1 Qxf4+ 71. Kg1 b3 72. Qc8 Qe3+ 73. Kh1 Qf3+ 74. Kg1 Qg3+ 75. Kh1 Qe1+ 76. Kg2 Qd2+ 77. Kh1 Qd1+ 78. Kg2 Qe2+ 79. Kh3 b2 80. Kg3 b1Q 81. Qh3+ Kg6 82. Qd7 Qbd3+ 83. Kh4 Qee4+ 84. Qg4+ Qxg4+ 85. Kxg4 Qe4+ 86. Kh3 Qf4 87. Kg2 Qe3 88. Kh1 Qd2 89. Kg1 Kg5 90. Kf1 Kg4 91. Kg1 Kg3 92. Kh1 Qg2# 0-1

[Event "EU-ch Online U14 Girls"]
[Site "Tornelo INT"]
[Date "2020.09.18"]
[Round "2"]
[White "Ajradinoska, Indzi"]
[Black "Trgovac, Marta"]
[Result "0-1"]
[WhiteElo "1194"]
[BlackElo "1424"]
[PlyCount "68"]
[EventDate "2020.09.18"]
[EventType "swiss (rapid)"]
[EventRounds "9"]
[EventCountry "NET"]
[SourceTitle "EXT 2023"]
[Source "ChessBase"]
[SourceDate "2022.10.05"]
[SourceVersion "1"]
[SourceVersionDate "2022.10.05"]
[SourceQuality "1"]
[WhiteTeam "Macedonia"]
[BlackTeam "Croatia"]
[WhiteTeamCountry "MKD"]
[BlackTeamCountry "CRO"]

1. e4 c5 2. Nf3 d6 3. d4 cxd4 4. Nxd4 Nf6 5. Nc3 a6 6. Be3 e6 7. Bc4 b5 8. Bb3 b4 9. Nce2 Nxe4 10. f3 Nc5 11. Qd2 a5 12. a3 bxa3 13. Rxa3 Bd7 14. 0-0 Be7 15. Rfa1 a4 16. Bc4 d5 17. Bd3 0-0 18. Nb5 Nxd3 19. Qxd3 Bxa3 20. Rxa3 Nc6 21. Bc5 Ne5 22. Qd4 Nc4 23. Ra1 Bxb5 24. Bxf8 Qxf8 25. Ng3 Qd6 26. f4 Qb6 27. Qxb6 Nxb6 28. f5 Rc8 29. fxe6 fxe6 30. Re1 Kf7 31. c3 Nc4 32. Rb1 Nd2 33. Ra1 Nb3 34. Rf1+ Bxf1 0-1

[Event "CRO-ch U15 Girls"]
[Site "Trogir"]
[Date "2020.08.27"]
[Round "6"]
[White "Vidovic, Petra"]
[Black "Trgovac, Marta"]
[Result "1/2-1/2"]
[WhiteElo "1537"]
[BlackElo "1315"]
[PlyCount "155"]
[EventDate "2020.08.24"]
[EventType "swiss"]
[EventRounds "9"]
[EventCountry "CRO"]
[SourceTitle "CBM 198 Extra"]
[Source "ChessBase"]
[SourceDate "2020.11.30"]
[SourceVersion "1"]
[SourceVersionDate "2020.11.30"]
[SourceQuality "1"]

1. e4 c5 2. Nf3 d6 3. d4 cxd4 4. Nxd4 Nf6 5. Nc3 a6 6. Bg5 e6 7. f4 Be7 8. Qf3 Qc7 9. 0-0-0 Nbd7 10. g4 Rb8 11. Bxf6 Nxf6 12. g5 Nd7 13. h4 b5 14. Bd3 b4 15. Nce2 Nc5 16. Kb1 Nxd3 17. cxd3 Bb7 18. Ng3 a5 19. Nh5 Rg8 20. Qf2 g6 21. Ng3 Qb6 22. Rhf1 Ba6 23. Nb3 Qxf2 24. Rxf2 a4 25. Nd4 Kd7 26. Rfd2 Rgc8 27. Nf3 a3 28. b3 Rc7 29. Rc2 Rbc8 30. Rxc7+ Rxc7 31. Ne1 Rc3 32. Ne2 Rc8 33. Rc1 Rxc1+ 34. Nxc1 d5 35. exd5 exd5 36. d4 Bd6 37. Ncd3 Bb5 38. Kc2 Ke6 39. Kd2 Kf5 40. Ke3 f6 41. Kf3 fxg5 42. hxg5 Ba6 43. Ne5 Bf8 44. N5d3 h6 45. Nc5 Bb5 46. gxh6 Bxh6 47. Ned3 Bxd3 48. Nxd3 Bf8 49. Ne5 Bd6 50. Nd3 Be7 51. Ne5 Bf8 52. Nd3 Bh6 53. Nxb4 Bxf4 54. Nxd5 Bd6 55. Ne3+ Ke6 56. Kg4 Kf6 57. Nc4 Bb4 58. Kf4 Ke6 59. Ke4 g5 60. Ne3 Bf8 61. Ng4 Bg7 62. Ne3 Bf8 63. Nf5 Bb4 64. d5+ Kf6 65. Nd4 Bc5 66. Nc6 Bd6 67. b4 g4 68. b5 g3 69. Kf3 Bc7 70. d6 Bxd6 71. b6 Kf5 72. b7 g2 73. Kxg2 Ke4 74. Kf2 Kd3 75. Ke1 Kc2 76. b8Q Bxb8 77. Nxb8 Kb2 78. Kd2 1/2-1/2